Community radio handbook /

সংরক্ষণ করুন:
গ্রন্থ-পঞ্জীর বিবরন
প্রধান লেখক: Fraser, Colin
বিন্যাস: গ্রন্থ
ভাষা:ইংরেজি
প্রকাশিত: [S.l.] : UNESCO, 2001.
বিষয়গুলি:
ট্যাগগুলো: ট্যাগ যুক্ত করুন
কোনো ট্যাগ নেই, প্রথমজন হিসাবে ট্যাগ করুন!

MARC

LEADER 00000cam a22000002a 4500
001 0000004600
003 DAYSTAR
005 20171002014321.0
008 030703s2001 xx 001 0 eng d
040 |a Daystar 
040 |d Kmbae 
050 1 |a HE8696  |b .F73 
100 1 |a Fraser, Colin. 
245 1 0 |a Community radio handbook /  |c Colin Fraser. 
260 |a [S.l.] :  |b UNESCO,  |c 2001. 
300 |a 100 p. 
650 0 |a Radio broadcasting. 
650 0 |a Radio programs. 
650 0 |a Radio--Transmitters and transmission.  |x Transmitters and transmission. 
908 |a 060412 
942 |c G 
952 |0 0  |1 0  |4 0  |6 HE_8696_000000000000000_F73  |7 0  |9 604  |a DUA  |b DUA  |c GC  |d 2017-09-28  |l 0  |o HE8696.F73  |p BK011079  |r 2017-09-28 00:00:00  |t c.1  |w 2017-09-28  |x 56986.  |y G 
952 |0 0  |1 0  |4 0  |6 HE_8696_000000000000000_F73  |7 0  |9 605  |a DUA  |b DUA  |c GC  |d 2017-09-28  |l 0  |o HE8696.F73  |p BK011020  |r 2017-09-28 00:00:00  |t c.2  |w 2017-09-28  |x 56987  |y G 
952 |0 0  |1 0  |4 0  |6 HE_8696_000000000000000_F73  |7 0  |9 606  |a DUA  |b DUA  |c GC  |d 2017-09-28  |l 0  |o HE8696.F73  |p BK011021  |r 2017-09-28 00:00:00  |t c.3  |w 2017-09-28  |x 56988  |y G 
952 |0 0  |1 0  |4 0  |6 HE_8696_000000000000000_F73  |7 0  |9 607  |a DUN  |b DUN  |c GC  |d 2017-09-28  |l 0  |o HE8696.F73  |p BK043609  |q 2009-02-14  |r 2017-09-28 00:00:00  |s 2009-01-31  |t c4  |w 2017-09-28  |x 56989.  |y G 
995 |a Daystar 
999 |c 388  |d 388